| 000 | 00556nam a2200169Ia 4500 | ||
|---|---|---|---|
| 003 | GCL | ||
| 008 | 140319s9999 xx 000 0 ara d | ||
| 040 |
_aGCL / _cGCL |
||
| 082 | 0 | 4 |
_a251 _bا م |
| 100 | 1 | _aعبدالوهاب عبداللطيف | |
| 245 | 1 | 0 |
_aمفتاح الوصول الى بناء الفروع على الاصول / _cعبدالوهاب عبداللطيف |
| 700 | 1 | _aابوعبدالله محمد بن احمد المالك | |
| 300 | _a167 ص | ||
| 490 | _a | ||
| 650 | 0 | 4 | _aالفقه الاسلامى، اصول |
| 942 |
_2ddc _cBK |
||
| 999 |
_c48045 _d48045 |
||